| 000 | 00835cam a2200265 i 4500 | ||
|---|---|---|---|
| 001 | 832973 | ||
| 005 | 20170619150139.0 | ||
| 008 | 770512s1978 ctu 001 0 eng | ||
| 010 | _a 77076305 | ||
| 020 | _a0300021496 | ||
| 040 |
_aDLC _cDLC _dDLC |
||
| 043 | _af-sj--- | ||
| 050 | 0 | 0 |
_aDT155.2.D56 _bD46 |
| 082 | 0 | 0 | _a962.4 |
| 100 | 1 |
_aDeng, Francis Mading, _d1938- |
|
| 245 | 1 | 0 |
_aAfricans of two worlds : _bthe Dinka in Afro-Arab Sudan / _cFrancis Mading Deng. |
| 260 |
_aNew Haven, Conn. : _bYale University Press, _c1978. |
||
| 300 |
_axx, 244 p. ; _c22 cm. |
||
| 500 | _aIncludes index. | ||
| 650 | 0 |
_aDinka (African people) _xHistory. |
|
| 651 | 0 |
_aSudan _xPolitics and government. |
|
| 651 | 0 |
_aDinka (African people) _xPolitics and government. |
|
| 906 |
_a7 _bcbc _corignew _d1 _eopcn _f19 _gy-gencatlg |
||
| 942 | _2ddc | ||
| 999 |
_c63703 _d63677 |
||